[Event "31st open TETEVEN"]
[Site "Teteven"]
[Date "2016.08.13"]
[Round "1.1"]
[White "Stoyanov, Ognyan"]
[Black "Nikolov, Sasho"]
[Result "0-1"]
[WhiteElo "1709"]
[BlackElo "2359"]
[PlyCount "76"]
[EventDate "2016.08.13"]
[EventType "swiss"]
[EventRounds "9"]
[EventCountry "BUL"]

1. e4 c5 2. Nc3 e6 3. g3 Nc6 4. d3 Nf6 5. Bg2 Be7 6. Nge2 O-O 7. O-O Rb8 8. Be3
$146 ({RR} 8. h3 b5 9. a3 a5 10. f4 d5 11. g4 b4 12. axb4 axb4 13. Nb1 dxe4 14.
dxe4 Qb6 15. Be3 Ba6 16. Re1 Rfd8 17. Qc1 Nd4 18. Ng3 b3 19. g5 Nd7 20. c3 Nc2
21. Na3 Nxa1 22. Qxa1 Qc7 {
Kupferstich,M-Eising,J/Berlin East 1955/EXT 2003/0-1 (39)}) ({RR} 8. f4 d6 9.
h3 ({RR} 9. Qe1 a6 10. Nd1 Qc7 11. Ne3 h6 12. Kh1 b5 13. Bd2 Bb7 14. Rc1 Rbd8
15. f5 d5 16. fxe6 fxe6 17. Nf4 Bc8 18. exd5 exd5 19. Nexd5 Qd6 20. Nxf6+ Bxf6
21. Bd5+ Rf7 22. Bxf7+ Kxf7 23. Bc3 Nd4 {
Coelho,T (1853)-Lima,R (1783)/Sao Paulo 2015/EXT 2016/0-1 (36)}) 9... Qc7 10.
g4 b5 11. Ng3 b4 12. Nce2 Re8 13. g5 Nd7 14. f5 Nce5 15. Nf4 Bxg5 16. fxe6 fxe6
17. Qh5 Qd8 18. Nxe6 Rxe6 19. Bxg5 Nf6 20. Bxf6 Rxf6 21. Rxf6 Qxf6 22. Rf1 Qe7
{Andreikin,D (2713)-Rublevsky,S (2695)/Khanty-Mansiysk 2013/CBM 154 Extra/1/2
(51)}) ({RR} 8. a4 a6 9. h3 b5 10. axb5 axb5 11. Be3 d6 12. Kh2 ({RR} 12. f4 d5
13. e5 Nd7 14. Bf2 Qc7 15. Qd2 b4 16. Nd1 Bb7 17. Ne3 Ra8 18. h4 Rxa1 19. Rxa1
Ra8 20. Rxa8+ Bxa8 21. b3 Qa5 22. h5 Qa2 23. g4 Na5 24. Qd1 Nb6 25. g5 d4 26.
Ng4 Bxg2 {Diani,J-Saadi,J/Cordoba 1969/EXT 2012/0-1 (31)}) 12... Bd7 13. f4 Ne8
14. Qd2 Nc7 15. Nd1 b4 16. Bf2 Nb5 17. Ne3 Re8 18. d4 Ncxd4 19. Nxd4 Nxd4 20.
Rfd1 Nb5 21. g4 Qc7 22. Bg3 Ra8 {
Hort,V-Vladimirov,B/Leningrad 1967/EXT 1998/1-0 (35)}) 8... b5 9. Qd2 b4 10.
Nd1 d5 11. f3 a5 12. Bf2 Ba6 13. Re1 dxe4 14. fxe4 Ng4 15. Qf4 h5 16. Qc1 c4
17. Nf4 cxd3 18. cxd3 Rc8 19. Qb1 h4 20. Bf1 Nd4 21. Bxd4 Qxd4+ 22. Kg2 Bd6 23.
Ne2 Qxd3 24. Qxd3 Bxd3 25. Kh3 f5 26. Nd4 Bxe4 27. Nxe6 Rf6 28. Ng5 Bd5 29.
gxh4 Rh6 30. Bg2 Bxg2+ 31. Kxg2 Rc2+ 32. Kf3 Ne5+ 33. Rxe5 Bxe5 34. Ne3 Rxb2
35. Rd1 Rd6 36. Rxd6 Bxd6 37. Nc4 {Diagram #} b3 38. a3 Rc2 0-1

[Event "31st open TETEVEN"]
[Site "Teteven"]
[Date "2016.08.13"]
[Round "1.2"]
[White "Danov, Lyubomir"]
[Black "Chartazanov, Valentin"]
[Result "1-0"]
[WhiteElo "2342"]
[BlackElo "1709"]
[PlyCount "67"]
[EventDate "2016.08.13"]
[EventType "swiss"]
[EventRounds "9"]
[EventCountry "BUL"]

1. e4 c5 2. Nf3 Nc6 3. Bb5 d6 4. O-O Bd7 5. Re1 a6 6. Bf1 Bg4 7. h3 Bxf3 8.
Qxf3 Nd4 ({RR} 8... g6 9. d3 Bg7 10. Nc3 Nf6 11. Bg5 O-O 12. Qd1 b5 13. Qd2 Re8
14. a3 Nd7 15. Rab1 Qb8 16. Ne2 a5 17. c3 a4 18. d4 Na5 19. Rbd1 Nb3 20. Qc2
Ra7 21. Be3 Rb7 22. Nc1 cxd4 23. cxd4 {Krejci,J (2523)-Szotkowski,J (2373)/
Ceske Budejovice 2015/CBM 167 Extra/1/2 (50)}) 9. Qd1 e5 10. c3 Ne6 11. d3 $146
({RR} 11. Bc4 Ne7 12. Bxe6 fxe6 13. d4 cxd4 14. cxd4 exd4 15. Qxd4 Nc6 16. Qc4
Qf6 17. Nc3 Be7 18. Be3 O-O 19. Rad1 Rac8 20. Qe2 b5 21. f4 Qg6 22. Qd3 Kh8 23.
Rf1 d5 24. exd5 Qxd3 25. Rxd3 Nb4 {
Goldsztejn,G (2419)-Rousseau,J (1915)/Marseille 2009/CBM 134 Extra/1-0 (40)})
11... Nf6 12. Nd2 Be7 13. Nf3 h6 14. d4 cxd4 15. cxd4 exd4 16. Nxd4 Nxd4 17.
Qxd4 O-O 18. Bf4 Nh5 19. Be3 Nf6 20. Bc4 b5 21. Bb3 Nd7 22. Rac1 Rc8 23. Rxc8
Qxc8 24. Qa7 Qd8 25. Qxa6 b4 26. Rd1 Qb8 27. Qe2 Nc5 28. Bd5 Bf6 29. b3 Ne6 30.
Qg4 Nc7 31. Bxh6 Nxd5 32. Rxd5 Qc8 33. Qxc8 Rxc8 34. Be3 1-0

[Event "31st open TETEVEN"]
[Site "Teteven"]
[Date "2016.08.13"]
[Round "1.3"]
[White "Vachev, Lenko"]
[Black "Todorov, Momchil"]
[Result "0-1"]
[WhiteElo "1698"]
[BlackElo "2304"]
[PlyCount "64"]
[EventDate "2016.08.13"]
[EventType "swiss"]
[EventRounds "9"]
[EventCountry "BUL"]

1. d4 Nf6 2. c4 g6 3. Nc3 d5 4. e3 Bg7 5. Nf3 O-O 6. cxd5 Nxd5 7. Be2 c5 8. O-O
cxd4 9. Nxd4 ({RR} 9. Nxd5 Qxd5 10. Nxd4 Bxd4 11. Qxd4 Qxd4 12. exd4 Rd8 13.
Be3 Nc6 14. Rfd1 Nb4 15. a3 Nd5 16. Bf3 Be6 17. Bxd5 Bxd5 18. Rac1 Rd7 19. Rc3
Rad8 20. Rdc1 Bc6 21. h3 a6 22. Rc5 Kg7 23. Kh2 f6 {
Zerhusen,M (1596)-Lebermann,H (1935)/Frankfurt 2015/EXT 2016/1/2 (47)}) 9...
Nxc3 10. bxc3 Qa5 11. Bb2 Nd7 $146 ({RR} 11... Na6 12. Nb3 Qb6 13. Rc1 Bf5 14.
Ba3 Rfd8 15. Qe1 e5 16. c4 Qc7 17. c5 Nb8 18. Qa5 Qc8 19. Rfd1 Nc6 20. Rxd8+
Qxd8 21. Qxd8+ Rxd8 {
1/2 Horakova,D (2120)-Kubacak,L (2040)/Ostrava 1998/EXT 2006}) 12. Qb3 a6 13.
Qb4 Qg5 14. Nf3 Qc5 15. Qxc5 Nxc5 16. Nd4 Na4 17. Rab1 Bxd4 18. cxd4 Bf5 19.
Ba1 Bxb1 20. Rxb1 Rac8 21. Bd1 Nc3 22. Bxc3 Rxc3 23. Bb3 Rfc8 24. g3 Rc1+ 25.
Rxc1 Rxc1+ 26. Kg2 b5 27. h4 a5 28. Bd5 b4 29. Bb3 Rc3 30. Kf1 {Diagram #} Rxb3
31. axb3 a4 32. Ke1 a3 0-1

[Event "31st open TETEVEN"]
[Site "Teteven"]
[Date "2016.08.13"]
[Round "1.4"]
[White "Badev, Kiril"]
[Black "Pavlov, Pavel"]
[Result "1-0"]
[WhiteElo "2292"]
[BlackElo "1693"]
[PlyCount "43"]
[EventDate "2016.08.13"]
[EventType "swiss"]
[EventRounds "9"]
[EventCountry "BUL"]

1. e4 c6 2. d4 d5 3. e5 Bf5 4. c3 e6 5. Be3 Nd7 6. Nd2 h6 ({RR} 6... f6 7. f4
Qb6 8. Qb3 g5 9. Ngf3 gxf4 10. Bxf4 Bh6 11. Bxh6 Nxh6 12. exf6 Nxf6 13. Ne5 Rg8
14. Ndf3 Nhg4 15. Nxg4 Nxg4 16. h3 Nf6 17. Qxb6 axb6 18. Ne5 h5 19. a3 Ke7 20.
O-O-O Rg3 21. Bd3 {Smirin,I (2676)-Dreev,A (2676)/Moscow 2002/CBM 091/0-1 (43)}
) ({RR} 6... Rc8 7. f4 Qb6 8. Qb3 Ne7 9. Ngf3 Bg6 10. Bf2 h5 11. Be2 Nf5 12.
Nh4 Nxh4 13. Bxh4 c5 14. Bf2 cxd4 15. Bxd4 Bc5 16. Qxb6 Bxb6 17. Nb3 a6 18. O-O
Ke7 19. Rfc1 f6 20. a4 fxe5 21. fxe5 {
Ileana,G (2132)-Nomin Erdene,D (2303)/Novi Sad 2015/CBM 167 Extra/1/2 (60)}) 7.
f4 a6 $146 ({RR} 7... Ne7 8. Ngf3 Qb6 9. Qb3 Qxb3 10. axb3 Nc8 {
1/2 Sedlak,N (2323)-Perunovic,M (2384)/Valjevo 2000/CBM 076 Extra}) ({RR} 7...
g5 8. g4 ({RR} 8. Be2 c5 9. g4 gxf4 10. gxf5 fxe3 11. Ndf3 Qb6 12. f6 h5 13.
Ng5 Qxb2 14. Rb1 Qxc3+ 15. Kf1 Qxd4 16. Qxd4 cxd4 17. Rxb7 Nh6 18. N1f3 Bc5 19.
Ba6 Rb8 20. Rxb8+ Nxb8 21. Bb5+ Kd8 22. Ke2 Kc7 {
Balinov,I (2453)-Lehner,O (2396)/Schwarzach 2000/EXT 2001/1/2}) 8... gxf4 9.
gxf5 fxe3 10. Ndf3 exf5 11. Qd3 Qb6 12. O-O-O Ne7 13. Kb1 O-O-O 14. Ne2 Rg8 15.
Bh3 Qb5 16. Qxe3 Nb6 17. b3 Kb8 18. Qd3 Qxd3+ 19. Rxd3 Na8 20. Nh4 Nc7 21. Rg3
Rg5 22. Rf1 {Balinov,I (2453)-Varga,Z (2541)/Charleville Mezieres 2000/CBM 079
Extra/1-0 (42)}) 8. Ngf3 c5 9. Be2 c4 10. O-O Ne7 11. Nh4 Bh7 12. Qe1 Nb6 13.
a4 Qc7 14. a5 Nd7 15. b3 cxb3 16. Nxb3 g6 17. Qd2 Nf5 18. Nxf5 gxf5 19. Rfc1
Bg7 20. c4 dxc4 21. Bxc4 Qd8 22. d5 1-0

[Event "31st open TETEVEN"]
[Site "Teteven"]
[Date "2016.08.13"]
[Round "1.5"]
[White "Primkov, Radi"]
[Black "Galunov, Todor"]
[Result "1/2-1/2"]
[WhiteElo "1692"]
[BlackElo "2287"]
[PlyCount "79"]
[EventDate "2016.08.13"]
[EventType "swiss"]
[EventRounds "9"]
[EventCountry "BUL"]

1. e4 e6 2. d4 d5 3. Nc3 Nf6 4. e5 Nfd7 5. f4 c5 6. Be3 Nc6 7. Nf3 a6 8. Be2 b5
9. O-O b4 10. Nb1 cxd4 11. Nxd4 Bc5 12. c3 Qb6 13. Kh1 bxc3 14. bxc3 Qb2 15.
Qc2 Rb8 16. Qxb2 Rxb2 17. Bd3 $146 ({RR} 17. Bd1 Na5 18. Nd2 Bxd4 19. cxd4 Nc4
20. Nxc4 dxc4 21. Bc1 Rb5 22. a4 Rb8 23. Ba3 Bb7 24. Bd6 Rc8 25. a5 Be4 26. Rc1
f5 27. Be2 Bd5 28. Rc3 Kf7 29. Rfc1 Rc6 30. Bxc4 Rhc8 31. Bc5 Bxc4 {
Kosasih,C (2420)-Garma,C (2400)/Manila 2001/CBM 083/0-1 (68)}) 17... O-O 18.
Rf2 Rxf2 19. Bxf2 Bb7 20. Nd2 g5 21. g3 gxf4 22. gxf4 f6 23. Kg2 Kf7 24. Rb1
Na5 25. exf6 Rg8+ 26. Kf1 Nxf6 27. N2b3 Nxb3 28. Rxb3 Bc8 29. h3 Bd6 30. Ne2 e5
31. Rb6 Bxh3+ 32. Ke1 Bb8 33. fxe5 Bxe5 34. c4 Rb8 35. Rxa6 dxc4 36. Bxc4+ Ke7
37. Bc5+ Kd7 38. Bb3 h5 39. Ba4+ Kc7 40. Rc6+ 1/2-1/2

[Event "31st open TETEVEN"]
[Site "Teteven"]
[Date "2016.08.13"]
[Round "1.6"]
[White "Yordanov, Lachezar"]
[Black "Botev, Stoyko"]
[Result "1-0"]
[WhiteElo "2267"]
[BlackElo "1682"]
[PlyCount "77"]
[EventDate "2016.08.13"]
[EventType "swiss"]
[EventRounds "9"]
[EventCountry "BUL"]

1. d4 d5 2. c4 e6 3. Nc3 c6 4. cxd5 exd5 5. Qc2 Nf6 6. Bg5 Be7 7. e3 h6 8. Bh4
Be6 9. Bd3 Nbd7 10. Nge2 O-O 11. O-O a6 ({RR} 11... Rc8 12. Rad1 ({RR} 12. f3
b6 13. Bf5 c5 14. Bxe6 fxe6 15. Nf4 Rc6 16. Qa4 Qa8 17. Ng6 Re8 18. Nb5 a6 19.
Bg3 Qb7 20. Nxe7+ Rxe7 21. Nd6 Qa8 22. h3 cxd4 23. exd4 Ne8 24. Rac1 b5 25.
Nxb5 Nb6 26. Qa3 Rxc1 {
Poltorak,S (1634)-Kaluzny,S (1251)/Poznan 2015/CBM 167 Extra/1-0 (52)}) 12...
Re8 13. Nf4 Nf8 14. Bg3 Bd6 15. h3 Qd7 16. a3 Bxf4 17. Bxf4 Nh5 18. Bh2 f5 19.
Na4 Qf7 20. Nc5 g6 21. Be2 Nf6 22. Qa4 Ra8 23. Qb4 Bc8 24. Nd3 N8d7 25. Qc3 g5
26. Ne5 {
Garcia Palermo,C (2443)-Tristan,L (2215)/Buenos Aires 2003/EXT 2004/1-0 (44)})
12. Kh1 $146 ({RR} 12. Rae1 c5 13. Qd2 c4 14. Bb1 b5 15. a3 Nb6 16. Qc2 g6 17.
f3 Nh5 18. Bxe7 Qxe7 19. e4 Qd7 20. Qd2 Kh7 21. e5 Ng7 22. Ng3 Nf5 23. Qf4 Ng7
24. h4 Nc8 25. h5 Ne7 26. Kf2 Nef5 {
Ploetz,J-Martens,D/Kropp 1993/EXT 2000/1/2 (32)}) ({RR} 12. f3 Ne8 13. Bxe7
Qxe7 14. Ng3 Nd6 15. e4 Rac8 16. Qf2 f5 17. e5 Nb5 18. a4 Nxc3 19. bxc3 Qf7 20.
f4 c5 21. Qb2 c4 22. Be2 Rb8 23. Qb4 b6 24. Rab1 Kh8 25. Rb2 b5 26. Rfb1 Rb7 {
Maia,M (2104)-Diaz,M (1728)/Rio de Janeiro 2014/EXT 2015/1-0 (41)}) 12... Nh5
13. Bxe7 Qxe7 14. f3 f5 15. Rae1 Qd6 16. Na4 b6 17. Rc1 c5 18. dxc5 bxc5 19.
Nxc5 Rac8 20. b4 a5 21. Nd4 Rf6 22. Ndxe6 Rxe6 23. Bxf5 Re7 24. Bxd7 Rxd7 25.
Qf5 Rdc7 26. Qxh5 d4 27. Rcd1 axb4 28. exd4 Kh7 29. Qf5+ g6 30. Qb1 Ra7 31. Ne4
Qf4 32. d5 Rf8 33. d6 Ra5 34. d7 Rh5 35. g3 Qc7 36. Qxb4 Rhf5 37. Qe7+ R8f7 38.
Qxf7+ Rxf7 39. d8=Q 1-0

[Event "31st open TETEVEN"]
[Site "Teteven"]
[Date "2016.08.13"]
[Round "1.8"]
[White "Bardarov, Nikola"]
[Black "Janev, Pavel"]
[Result "0-1"]
[WhiteElo "1676"]
[BlackElo "2254"]
[PlyCount "90"]
[EventDate "2016.08.13"]
[EventType "swiss"]
[EventRounds "9"]
[EventCountry "BUL"]

1. e4 e5 2. Nc3 Nf6 3. f4 d5 4. fxe5 Nxe4 5. Nf3 Nc6 6. d4 Bg4 7. Bb5 Bb4 8.
Bxc6+ bxc6 9. O-O O-O 10. Qd3 Bf5 $146 ({RR} 10... Nxc3 11. bxc3 Be7 12. Qa6 c5
13. Ba3 cxd4 14. cxd4 Bxa3 15. Qxa3 a5 16. Qc5 Qd7 17. Rab1 Ra6 18. Ng5 Qd8 19.
Nf3 Qd7 20. Qb5 Rc6 21. e6 Qxe6 22. Rbe1 Rb6 23. Qxa5 Qd6 24. Ne5 Be6 25. Qd2 {
Van Riemsdijk,D (2132)-Rodrigo da Silva,E (1960)/Mogi das Cruzes 2013/CBM 156
Extra/1-0 (39)}) 11. Qe3 c5 12. Kh1 Bg6 13. Ne2 cxd4 14. Nfxd4 Qe8 15. c3 Bc5
16. Qf4 f6 17. e6 Bd6 18. Qf3 c5 19. Nf5 Qxe6 20. Nxd6 Qxd6 21. Bf4 Qb6 22. b3
Rad8 23. Rad1 Qa6 24. Ra1 Ng5 25. Qf2 Bd3 26. Rfe1 Ne4 27. Qf3 Bxe2 28. Qxe2
Qxe2 29. Rxe2 Nxc3 30. Re7 Rf7 31. Ree1 Ne4 32. Kg1 f5 33. h4 h5 34. Rac1 d4
35. Red1 Rfd7 36. Bg5 Rb8 37. Bf4 Rb6 38. Rd3 Kf7 39. Kf1 Ke6 40. Bh2 Kd5 41.
Ke2 Rg6 42. g3 f4 43. Rg1 fxg3 44. Bxg3 Re7 45. Kd1 Nc3+ 0-1

[Event "31st open TETEVEN"]
[Site "Teteven"]
[Date "2016.08.13"]
[Round "1.9"]
[White "Kostov, Galin"]
[Black "Milanov, Milan"]
[Result "1-0"]
[WhiteElo "2181"]
[BlackElo "1668"]
[PlyCount "73"]
[EventDate "2016.08.13"]
[EventType "swiss"]
[EventRounds "9"]
[EventCountry "BUL"]

1. e4 c5 2. Nf3 Nc6 3. d4 cxd4 4. Nxd4 d6 5. Nc3 Bd7 6. Bc4 e6 7. Bb3 Be7 8.
O-O Nf6 9. Be3 O-O 10. f4 a6 11. f5 Nxd4 ({RR} 11... Qc8 12. fxe6 Bxe6 13. Nxe6
fxe6 14. Na4 Rb8 15. Nb6 Qe8 16. Bxe6+ Kh8 17. Bf5 Ne5 18. Qd4 Qh5 19. Nd5 Nxd5
20. Qxd5 Qe2 21. Ba7 Rbe8 22. Rf2 Qb5 23. c3 Bh4 24. g3 Qxd5 25. exd5 Bf6 26.
Raf1 {Fischer,R (2760)-Larsen,B (2660)/Denver 1971/Candidates/1-0 (41)}) 12.
Bxd4 e5 ({RR} 12... b5 13. Bxf6 Bxf6 14. Qxd6 exf5 15. exf5 Qc8 16. Nd5 Bxf5
17. Nxf6+ gxf6 18. Qxf6 Bg6 19. c3 a5 20. Rad1 Ra6 21. Qf3 Qc5+ 22. Kh1 a4 23.
Bd5 Rd6 24. h3 Kg7 25. Be4 Re6 26. Bxg6 hxg6 27. Qd3 {
Cilento,L (1893)-Gomes de Moura,P (1796)/Recife 2014/CBM 163 Extra/1-0 (44)})
13. Be3 Be6 $146 ({RR} 13... Bc6 14. Qf3 b5 15. Rad1 ({RR} 15. a3 a5 ({RR} 
15... Qc7 16. Bg5 a5 17. Bxf6 Bxf6 18. Bd5 Bxd5 19. Nxd5 Qxc2 20. Qg4 Kh8 21.
Rf3 Qxb2 22. Raf1 Qe2 23. Nxf6 gxf6 24. Qh4 Rg8 25. Qxf6+ Rg7 26. Rg3 Rag8 27.
h3 Qd2 28. Rff3 b4 29. axb4 axb4 30. Kh2 {
Hermlin,A (2285)-Hietala,R/Oulu 2002/EXT 2004/1-0 (33)}) 16. Rfd1 b4 17. Nd5
Nxd5 18. Bxd5 Qc7 19. Qf2 Rfc8 20. axb4 Bxd5 21. exd5 axb4 22. Rxa8 Rxa8 23.
Qd2 Qb7 24. Qd3 h6 25. Qb3 Bg5 26. Bf2 Qc7 27. Re1 Bd2 28. Rd1 e4 29. h3 e3 {
Pg,M (2210)-Schoepf,A (2124)/Budapest 2003/CBM 094 Extra/1/2 (53)}) 15... Rc8
16. Bg5 b4 17. Bxf6 Bxf6 18. Nd5 Bxd5 19. Rxd5 Be7 20. Rd3 Bf6 21. Qh5 Qe7 22.
Kh1 h6 23. Rg3 Kh7 24. Rd1 Rc7 25. Rd5 Rc5 26. Qd1 Rd8 27. Rgd3 Rxd5 28. Bxd5 {
Fang,J (2374)-Tylevich,D (2226)/Boxborough 1999/EXT 2002/0-1 (37)}) 14. Qf3 b5
15. Rad1 b4 16. Nd5 Nxd5 17. Bxd5 Bxd5 18. Rxd5 f6 19. Qg4 Qc7 20. Rf3 Rf7 21.
Rh3 Kf8 22. Rxh7 Ke8 23. Rxg7 Rxg7 24. Qxg7 Kd7 25. Qf7 Kc8 26. h4 Kb7 27. h5
Bf8 28. Qxc7+ Kxc7 29. Kf2 Kd7 30. Kf3 Rc8 31. Rd2 Bg7 32. g4 Rh8 33. Bc5 b3
34. cxb3 Bf8 35. Be3 Kc6 36. Rc2+ Kb7 37. b4 1-0

[Event "31st open TETEVEN"]
[Site "Teteven"]
[Date "2016.08.13"]
[Round "1.10"]
[White "Kosturkov, Krasimir"]
[Black "Monev, Aleksandar"]
[Result "1/2-1/2"]
[WhiteElo "1650"]
[BlackElo "2167"]
[PlyCount "81"]
[EventDate "2016.08.13"]
[EventType "swiss"]
[EventRounds "9"]
[EventCountry "BUL"]

1. e4 c5 2. f4 Nc6 3. Nf3 g6 4. Bb5 Qc7 ({RR} 4... Qb6 5. a4 ({RR} 5. Bxc6 Qxc6
6. d3 f6 7. Nc3 e6 8. O-O c4 9. Be3 b6 10. Kh1 Ba6 11. Qd2 Qd6 12. dxc4 Qc6 13.
b3 Rd8 14. a3 h5 15. f5 gxf5 16. exf5 e5 17. Nd5 Bd6 18. Rfd1 Bf8 19. Qe1 Ne7 {
Oloeriu,D (1529)-Pirosca,L (1001)/Calimanesti 2015/CBM 165 Extra/1-0 (41)})
5... Bg7 6. O-O Nf6 7. d3 c4+ 8. Kh1 cxd3 9. Bxd3 d6 10. Nc3 O-O 11. Qe1 Nb4
12. Qh4 Nxd3 13. cxd3 Qa6 14. f5 Qxd3 15. Bh6 b6 16. Rad1 Qc4 17. Ng5 Bb7 18.
fxg6 fxg6 19. Bxg7 {Wang,H (2737)-Karjakin,S (2775)/Beijing 2012/EXT 2014/1/2})
5. d3 Bg7 6. c3 e6 $146 ({RR} 6... d6 7. O-O Bd7 8. Bxc6 Qxc6 9. Be3 e6 10.
Nbd2 Ne7 11. d4 c4 12. Qe2 b5 13. a4 a6 14. Rfd1 O-O 15. axb5 axb5 16. Qf2 Rxa1
17. Rxa1 Ra8 18. Rb1 d5 19. Qh4 f6 20. f5 gxf5 21. e5 {
Gorecka,J-Halamus,A/Wisla  2000/EXT 2005/1-0 (39)}) 7. O-O Nge7 8. Be3 a6 9.
Ba4 b5 10. Bc2 d6 11. a3 O-O 12. d4 cxd4 13. Nxd4 d5 14. e5 f6 15. Nxc6 Nxc6
16. exf6 Bxf6 17. Nd2 Bb7 18. Nf3 Rad8 19. Qd2 e5 20. fxe5 Nxe5 21. Nxe5 Bxe5
22. h3 Qc4 23. Rxf8+ Rxf8 24. Bd3 Qh4 25. Rf1 Re8 26. Qf2 Qxf2+ 27. Bxf2 Bc6
28. Bd4 Bxd4+ 29. cxd4 Re3 30. Rd1 Kf7 31. Kf2 Re6 32. Re1 Rxe1 33. Kxe1 Kf6
34. g3 Bd7 35. h4 Bf5 36. Be2 Be4 37. g4 Ke6 38. Kd2 Kd6 39. Ke3 Ke6 40. Kf4 h6
41. b4 1/2-1/2

[Event "31st open TETEVEN"]
[Site "Teteven"]
[Date "2016.08.13"]
[Round "1.11"]
[White "Yordanova, Svetla"]
[Black "Kulev, Atanas"]
[Result "1-0"]
[WhiteElo "2158"]
[BlackElo "1634"]
[PlyCount "61"]
[EventDate "2016.08.13"]
[EventType "swiss"]
[EventRounds "9"]
[EventCountry "BUL"]

1. e4 c5 2. c3 Nf6 3. e5 Nd5 4. Nf3 Nc6 5. Bc4 e6 6. d4 cxd4 7. cxd4 d6 8. O-O
dxe5 9. dxe5 Be7 10. Qe2 Nb6 ({RR} 10... a6 11. Rd1 b5 12. Bxd5 exd5 13. Nc3
Be6 14. Qd3 Ra7 15. a4 b4 16. Ne2 Bg4 17. Bf4 Na5 18. h3 Bxf3 19. Qxf3 Rd7 20.
Qg4 g5 21. e6 fxe6 22. Qh5+ Kf8 23. Nd4 Qb6 24. Be5 {
1-0 Oral,T (2536)-Biolek,R (2422)/Czechia 2008/EXT 2009}) 11. Rd1 Qc7 12. Bd3
O-O ({RR} 12... Nb4 13. Be4 Qc4 14. Qxc4 Nxc4 15. Nc3 Na6 16. Nb5 O-O 17. b3
Nb6 18. Be3 Bc5 19. Nc7 Nxc7 20. Bxc5 Re8 21. Rac1 Ncd5 22. a4 a5 23. Nd4 Bd7
24. Bxb6 Nxb6 25. Bxb7 Rab8 26. Rc7 Red8 27. Kf1 {
Magana,B (2091)-Ouma,S (2045)/Nairobi 2015/EXT 2016/1-0 (87)}) 13. Nc3 $146 ({
RR} 13. Qe4 g6 14. Bh6 Rd8 15. Nc3 a6 16. Rac1 Nd5 ({RR} 16... Nd7 17. Bf4 Nc5
18. Qe3 Bd7 19. Ne4 Nxe4 20. Bxe4 Qa5 21. Bg5 Qb4 22. Re1 Bxg5 23. Qxg5 Rac8
24. Qh4 Nd4 25. Ng5 h5 26. Nxf7 Rf8 27. Qf6 Ne2+ 28. Kf1 Qxe4 29. Rxc8 Rxc8 30.
Ng5 Ng3+ 31. hxg3 {
Sutorikhin,V (2175)-Tsirkov,V (2140)/Budapest 1996/EXT 2006/1-0 (34)}) 17. h4
f5 18. exf6 Nxf6 19. Qe2 Nd5 20. g3 Bf6 21. Ne4 Bg7 22. Bxg7 Qxg7 23. Neg5 Re8
24. Bc4 Bd7 25. Qc2 Nce7 26. Qe4 Qf6 27. Ne5 Bc8 {
Ioffe,E (2029)-Poltavets,I (1893)/Voronezh 2013/EXT 2014/1-0 (32)}) 13... a6
14. Qe4 g6 15. Bf4 Rd8 16. Rac1 Nd5 17. Nxd5 exd5 18. Qe3 Be6 19. Nd4 Qd7 20.
h3 Rac8 21. Nxc6 Rxc6 22. Rxc6 Qxc6 23. Rc1 Qd7 24. Qb6 Rc8 25. Rxc8+ Qxc8 26.
Be3 h5 27. Kh2 Bd7 {Diagram #} 28. Bxg6 fxg6 29. Qxg6+ Kh8 30. e6 Bd6+ 31. g3
1-0

[Event "31st open TETEVEN"]
[Site "Teteven"]
[Date "2016.08.13"]
[Round "1.12"]
[White "Strugov, Stojan"]
[Black "Popov, Petar"]
[Result "1/2-1/2"]
[WhiteElo "1614"]
[BlackElo "2128"]
[PlyCount "50"]
[EventDate "2016.08.13"]
[EventType "swiss"]
[EventRounds "9"]
[EventCountry "BUL"]

1. d4 d5 2. c4 e6 3. Nc3 c6 4. a3 dxc4 ({RR} 4... Be7 5. Bf4 Nf6 6. c5 Nbd7 7.
e3 b6 8. b4 Nf8 9. Bd3 Ng6 10. Bg3 O-O 11. Nf3 h6 12. Ne2 Nh5 13. Qc2 Qe8 14.
Rc1 b5 15. O-O Nxg3 16. hxg3 Bf6 17. Nf4 Nxf4 18. gxf4 g6 19. g3 {
Wen,V-Briones,D/Tumon 2015/EXT 2016/1-0 (61)}) 5. e4 ({RR} 5. a4 Bb4 6. e3 b5
7. Bd2 Nf6 8. axb5 Bxc3 9. Bxc3 cxb5 10. b3 O-O 11. bxc4 bxc4 12. Bxc4 Bb7 13.
f3 Qc7 14. Qd3 Rc8 15. Ra4 Qc6 16. Qd1 Nd5 17. Qb3 Nxc3 18. Rb4 Ba6 {
0-1 Feuerstein,A (2106)-Ippolito,D (2455)/Branchburg 2009/CBM 131 Extra}) 5...
b5 6. a4 $146 ({RR} 6. d5 Nf6 7. Bg5 Be7 8. dxc6 Qa5 9. Bd2 Qb6 10. e5 Nd5 11.
Qg4 Nxc3 12. Qxg7 Rf8 13. bxc3 Nxc6 14. Nf3 Bd7 15. Qxh7 O-O-O 16. Qe4 Bc5 17.
Be3 Bxe3 18. fxe3 Qa5 19. Qc2 Qc7 20. a4 Nxe5 {
Pali,G (2126)-Katona,S/Budapest 2004/CBM 102 Extra/1/2 (78)}) ({RR} 6. Bf4 Nf6
7. Bg5 Be7 8. g3 h6 9. Bxf6 Bxf6 10. e5 Be7 11. Bg2 a6 12. Nge2 Bb7 13. O-O Qc7
14. Qc2 Nd7 15. Rab1 Nb6 16. b4 a5 17. Rfd1 axb4 18. axb4 O-O 19. Ne4 Nd7 20.
Nc5 Bxc5 {Euser,K-Offringa,T/Hengelo 1999/EXT 2000/0-1}) 6... Bb4 7. Nge2 Nf6
8. f3 a5 9. Bd2 Qb6 10. Na2 Be7 11. axb5 cxb5 12. b3 cxb3 13. Qxb3 Ba6 14. Nac3
b4 15. Na4 Qd8 16. Be3 Nbd7 17. Kf2 O-O 18. Ng3 Bxf1 19. Rhxf1 Rc8 20. Rac1 g6
21. Bh6 Re8 22. Be3 Rxc1 23. Rxc1 Qb8 24. h3 Rc8 25. Ne2 Rxc1 1/2-1/2

[Event "31st open TETEVEN"]
[Site "Teteven"]
[Date "2016.08.13"]
[Round "1.16"]
[White "Sabov, Borislav"]
[Black "Janakiev, Ivan"]
[Result "0-1"]
[WhiteElo "1554"]
[BlackElo "2077"]
[PlyCount "46"]
[EventDate "2016.08.13"]
[EventType "swiss"]
[EventRounds "9"]
[EventCountry "BUL"]

1. d4 Nf6 2. c4 g6 3. e3 Bg7 4. Bd3 ({RR} 4. Ne2 O-O 5. b4 d5 6. Nf4 dxc4 7.
Bxc4 e5 8. Ne2 exd4 9. Nxd4 Nc6 10. O-O Nxb4 11. Qb3 c5 12. Ba3 a5 13. Nb5 Ne4
14. N1c3 Nd2 15. Rad1 Nxb3 16. Rxd8 Rxd8 17. axb3 Bf5 18. Na4 Rac8 {
Johnsen,S (2211)-Szuk,B (2374)/Budapest 1999/EXT 2000/0-1 (37)}) 4... d5 5.
cxd5 $146 ({RR} 5. Ne2 O-O 6. Nbc3 c5 7. cxd5 cxd4 8. exd4 Nxd5 9. Be3 Nc6 10.
Be4 Nxe3 11. fxe3 e5 12. d5 Ne7 13. O-O Qb6 14. d6 Nf5 15. Bxf5 Qxe3+ 16. Kh1
Bxf5 17. Nd5 Qg5 18. Ne7+ Kh8 19. Nxf5 gxf5 {
Kamal,B (1439)-Navarro Lerma,R (2009)/Niederrhein 2003/EXT 2006/0-1 (37)}) ({RR
} 5. Nf3 O-O 6. O-O c5 7. dxc5 dxc4 8. Bxc4 Qa5 9. Qd4 Nc6 10. Qd5 Be6 11. Qg5
Bxc4 12. Re1 Bd5 13. Bd2 Qxc5 14. a3 Ne4 15. Qh4 Bxb2 16. Bb4 Nxb4 17. axb4
Qxb4 18. Ra2 Bxa2 19. Nc3 Bxc3 {
Bukleryte,A-Misiuk,E (1467)/Druskininkai 2014/EXT 2016/0-1}) ({RR} 5. c5 O-O 6.
Nc3 b6 7. b4 a5 8. Qb3 axb4 9. Qxb4 bxc5 10. Qxc5 Na6 11. Qc6 Bd7 12. Qxa6 Rxa6
13. Bxa6 Bf5 14. Nf3 Ne4 15. Bd2 Nxd2 16. Nxd2 c5 17. O-O cxd4 18. exd4 Bxd4
19. Ne2 Bxa1 {Christmas,X-Solaroli,R (2006)/playchess.com INT 2004/EXT 2005/0-1
}) 5... Nxd5 6. a3 O-O 7. Nf3 c5 8. dxc5 Qa5+ 9. Nbd2 Qxc5 10. Qc2 Qa5 11. O-O
Nb4 12. Qb1 Nxd3 13. Qxd3 Nc6 14. Rb1 Rd8 15. Qe2 Qh5 16. b4 Bf5 17. e4 Bg4 18.
Bb2 Bxb2 19. Rxb2 Nd4 20. Qe3 Bxf3 21. Nxf3 Nxf3+ 22. Qxf3 Qxf3 23. gxf3 Rac8 {
...} 0-1